| 000 | 01382naa a22003377a 4500 | ||
|---|---|---|---|
| 001 | BR7801092 | ||
| 003 | BR-BrBNA | ||
| 005 | 20250721155424.0 | ||
| 007 | ta | ||
| 008 | 250630b bl.|||m| |||| 00| 0 por d | ||
| 040 |
_aBR-BrBNA _bpor _cBiblioteca Nacional de Agricultura |
||
| 041 | _a(Pt) | ||
| 072 |
_aH10; H20 _b2760 _b4050 _b3879 |
||
| 090 | _aH10 BR7801092 | ||
| 100 | 1 | _aMello Filho, A. de T. | |
| 100 | 1 | _aZem, A.C. | |
| 100 | 1 | _aBarbin, D. | |
| 111 | 1 |
_a2. Reuniao de Nematologia _cPiracicaba, SP (Brazil) _d14 Sep 1976 |
|
| 245 | 1 | _aContribuicao ao estudo de nematoides da cultura do fumo (Nicotiana tabacum L.)no Brasil, 2. Ensaios preliminares de controle quimico de Meloidogyne incognita (Kofoid White 1919)Chitwood, 1949, mediante emprego de nematicidas sistemicos | |
| 500 | _aTrabalhos apresentados a 2. Reuniao de Nematologia Piracicaba, SP (Brasil): 1977. p. 53-59 [5 tables; 5 ref.; Summary (En)] (BR7801092-AMS) | ||
| 773 | 0 |
_tTrabalhos apresentados a 2. Reuniao de Nematologia _wH10 BR7801092 _gPiracicaba, SP (Brasil), 1977. p. 53-59 |
|
| 650 | _aFumo | ||
| 650 | _aNematoide | ||
| 650 | _aGalha | ||
| 650 | _aControle Quimico | ||
| 650 | _aNematicida Sistemico | ||
| 650 | _aMeloidoginose | ||
| 490 |
_aPublicacao - Sociedade Brasileira de Nematologia (Brazil) _vno. 2 |
||
| 942 |
_cAMS _2AGRIS |
||
| 909 |
_a202506 _bLúcia _c55 _dLúcia Elande |
||
| 999 |
_c336408 _d336408 |
||